| 000 -ლიდერი |
| ფიქსირებული სიგრძის საკონტროლო ველი |
01058nam a2200229Ia 4500 |
| 001 - საკონტროლო ნომერი |
| საკონტროლო ველი |
3352 |
| 003 - საკონტროლო ნომრის იდენტიფიკატორი |
| საკონტროლო ველი |
GE_BSU |
| 005 - ბოლო ოპერაციის თარიღი და დრო |
| საკონტროლო ველი |
20190605175919.0 |
| 008 - ფიქსირებული სიგრძის მონაცემთა ელემენტები - ზოგადი ინფორმაცია |
| ფიქსირებული სიგრძის საკონტროლო ველი |
181216s1991|||| |||||||||||||| ||geo|| |
| 040 ## - კატალოგიზაციის წყარო |
| Transcribing agency |
GE_BSU |
| 041 ## - ენის კოდი |
| Language code of text/sound track or separate title |
geo |
| 080 ## - უნივერსალური ათობითი კლასიფიკაციის ინდექსი |
| Universal Decimal Classification number |
539.3+539.52 ლ-86 |
| 100 ## - მთავარი ჩანაწერი - პიროვნების სახელი |
| Personal name |
ლოსაბერიძე, ან. |
| 9 (RLIN) |
2159 |
| 245 ## - ცნობა სათაურის შესახებ |
| Title |
დრეკადობის და პლასტიკურობის თეორია : ლექციების მოკლე კურსი / |
| Statement of responsibility, etc |
ან. ლოსაბერიძე ; დ. დანელია ; ზ. მაძაღუა ; რედ : ც.არსენიძე. |
| 264 ## - წარმოების, გამოცემის, დისტრიბუციის და სხვა ცნობები |
| გამოცემის, წარმოების, დისტრიბუციის... ადგილი |
თბილისი : |
| გამოცემის, წარმოების, დისტრიბუციის... სახელწოდება |
სტუ, |
| გამოცემის, წარმოების, დისტრიბუციის... თარიღი |
1991. |
| 300 ## - ფიზიკური აღწერა |
| Extent |
94 გვ. : |
| Dimensions |
20 სმ. |
| 653 ## - INDEX TERM--UNCONTROLLED |
| Uncontrolled term |
დრეკადობის და პლასტიკურობის თეორია |
| 700 ## - ADDED ENTRY--PERSONAL NAME |
| Personal name |
დანელია, დ |
| 9 (RLIN) |
2160 |
| 700 ## - ADDED ENTRY--PERSONAL NAME |
| Personal name |
მაძაღუა, ზ |
| 9 (RLIN) |
2161 |
| 700 ## - ADDED ENTRY--PERSONAL NAME |
| Personal name |
არსენიძე, ც |
| Relator term |
რედაქტორი |
| 9 (RLIN) |
1557 |
| 942 ## - ADDED ENTRY ELEMENTS (KOHA) |
| Koha item type |
წიგნი |
| Source of classification or shelving scheme |
|